000 00530nam a2200145 a 4500
008 080109s0000 ||||||||||||||||| || u
020 _a0070107475
050 _aTK 3226 Chi
100 _aChipman, Robert
245 1 0 _aSchaum's outline of theory and problems of transmission lines
260 _aNew York
_bMcGraw-Hill
_c1968
300 _a[6], 236p. : ill.
350 _a0.00
995 _D0.00
_FCBU-MAIN LIBRARY (Kitwe)
_H1
_I9.95
_UAVAILABLE
_ZAnnex Low-Usage Collection
999 _c57040
_d57040